000 01405cam a2200421Mi 4500
001 on1010615297
003 OCoLC
005 20200320214211.0
008 150309r20152009enk 000 f eng d
015 _aGBB557954
_2bnb
020 _a9781447274469
_q(pbk.)
020 _a1447274466
020 _c15.95
035 _a(OCoLC)1010615297
040 _aSAKAP
_beng
_erda
_cSAKAP
_dOCLCO
_dOCLCF
_dWACOL
049 _aWACL
082 0 4 _a823.92
_223
092 _aF
_bCle
100 1 _aCleeves, Ann,
_eauthor.
_923032
245 1 0 _aRed bones /
_cAnn Cleeves.
250 _aNew edition.
264 1 _aLondon :
_bPan Books,
_c2015.
300 _a1 volume ;
_c20 cm.
336 _atext
337 _aunmediated
338 _avolume
490 0 _aThe Shetland series
650 0 _aPerez, Jimmy (Fictitious character)
_vFiction.
_95679198
650 0 _aPolice
_zScotland
_zShetland
_vFiction.
_95679199
650 7 _aPerez, Jimmy (Fictitious character)
_2fast
_0(OCoLC)fst01762274
_95956521
650 7 _aPolice.
_2fast
_0(OCoLC)fst01068398
_95987453
651 7 _aScotland
_zShetland.
_2fast
_0(OCoLC)fst01215050
_95987454
655 7 _aFiction.
_2fast
_0(OCoLC)fst01423787
_95673940
942 _cBOOK
_00
948 _a11/05/2018
_zSirsi
994 _aC0
_bWACOL
996 _a157521
_b34301001678749
_cF
_dbk
_ewcl
_fi
_g0
_h17.99
_lBaker & Taylor
_mCle
_p02/10/2020
_q02/12/2020
999 _c314697
_d314696